[Event "Guernsey Challengers 47th"]
[Site "Guernsey"]
[Date "2023.10.20"]
[Round "6"]
[White "Goris Schouwstra, Adry"]
[Black "Jongerius, Marc"]
[Result "1/2-1/2"]
[WhiteElo "1715"]
[BlackElo "1695"]
[PlyCount "75"]
[EventDate "2023.10.15"]
[EventType "swiss"]
[EventRounds "7"]
[EventCountry "GCI"]
[SourceTitle "BritBase"]
[Source "John Saunders"]
[SourceDate "2023.11.18"]
[SourceVersion "1"]
[SourceVersionDate "2023.11.13"]
[SourceQuality "1"]

1. d4 d5 2. Nf3 Nf6 3. e3 c6 4. Be2 Bf5 5. O-O e6 6. Nbd2 h6 7. Re1 Bd6 8. Nf1
Nbd7 9. Ng3 Bh7 10. Bd3 Qc7 11. Bxh7 Nxh7 12. e4 Bxg3 13. hxg3 g5 14. exd5 cxd5
15. Ne5 Nxe5 16. dxe5 O-O-O 17. c3 Rhf8 18. Bd2 f6 19. exf6 Rxf6 20. Qg4 Qf7
21. Be3 Kb8 22. Qd4 b6 23. a4 Qc7 24. Qb4 Qc4 25. Qe7 Qc7 26. Qxc7+ Kxc7 27.
Bd4 Rg6 28. a5 Nf8 29. axb6+ axb6 30. b4 Nd7 31. Ra2 Re8 32. Ra7+ Kc6 33. Rea1
e5 34. Be3 Kd6 35. R1a6 Rb8 36. Ra8 Rgg8 37. R8a7 Rgc8 38. Ra3 1/2-1/2

[Event "Guernsey Challengers 47th"]
[Site "Guernsey"]
[Date "2023.10.20"]
[Round "6"]
[White "Remie, Peter"]
[Black "Collins, Alan"]
[Result "1/2-1/2"]
[WhiteElo "1728"]
[BlackElo "1612"]
[PlyCount "42"]
[EventDate "2023.10.15"]
[EventType "swiss"]
[EventRounds "7"]
[EventCountry "GCI"]
[SourceTitle "BritBase"]
[Source "John Saunders"]
[SourceDate "2023.11.18"]
[SourceVersion "1"]
[SourceVersionDate "2023.11.13"]
[SourceQuality "1"]

1. d4 d6 2. c4 e5 3. dxe5 dxe5 4. Qxd8+ Kxd8 5. Nf3 f6 6. e4 Be6 7. Be2 c6 8.
O-O Kc7 9. Bd2 Nd7 10. Nc3 Nh6 11. Bxh6 gxh6 12. a3 Be7 13. h4 Rad8 14. Rad1
Nc5 15. b4 Nb3 16. c5 Rxd1 17. Rxd1 Rd8 18. Rxd8 Kxd8 19. Bd1 b6 20. cxb6 axb6
21. Na4 Kc7 1/2-1/2

[Event "Guernsey Challengers 47th"]
[Site "Guernsey"]
[Date "2023.10.20"]
[Round "6"]
[White "Bernard, Christopher"]
[Black "Goman, Colin R"]
[Result "1-0"]
[WhiteElo "1516"]
[BlackElo "1636"]
[PlyCount "109"]
[EventDate "2023.10.15"]
[EventType "swiss"]
[EventRounds "7"]
[EventCountry "GCI"]
[SourceTitle "BritBase"]
[Source "John Saunders"]
[SourceDate "2023.11.18"]
[SourceVersion "1"]
[SourceVersionDate "2023.11.13"]
[SourceQuality "1"]

1. e4 d6 2. Nf3 Nf6 3. Nc3 g6 4. d4 Bg7 5. h3 O-O 6. Be3 b6 7. Bc4 Bb7 8. Nd2
d5 9. exd5 Nxd5 10. Nxd5 Bxd5 11. Bxd5 Qxd5 12. Nf3 Nd7 13. O-O Nf6 14. c3 Ne4
15. Qc2 Nd6 16. b3 Rac8 17. Rad1 Nf5 18. Bf4 Bh6 19. Bxh6 Nxh6 20. Rfe1 e6 21.
Re5 Qd6 22. Qe2 Nf5 23. d5 Rcd8 24. c4 c5 25. Rd2 exd5 26. Rexd5 Qc7 27. Qd1
Rxd5 28. Rxd5 Re8 29. g4 Nd4 30. Nxd4 cxd4 31. Rxd4 Qe7 32. Rd7 Qb4 33. Rd8
Rxd8 34. Qxd8+ Kg7 35. Qd3 Qa3 36. Qd2 Qc5 37. Qe3 Qa3 38. Qd2 Qc5 39. Kg2 Qc6+
40. f3 Qe6 41. Kg3 Qe5+ 42. f4 Qc5 43. Kg2 Qc6+ 44. Qd5 Qf6 45. Qe5 Qxe5 46.
fxe5 f6 47. exf6+ Kxf6 48. Kf3 Kg5 49. b4 Kf6 50. Ke4 Ke6 51. g5 Kd6 52. Kd4 a6
53. a3 Kc6 54. Ke5 a5 55. Kf6 1-0

[Event "Guernsey Challengers 47th"]
[Site "Guernsey"]
[Date "2023.10.20"]
[Round "6"]
[White "Ashbrooke, Monika"]
[Black "Royle, Nick"]
[Result "0-1"]
[WhiteElo "1396"]
[BlackElo "1506"]
[PlyCount "56"]
[EventDate "2023.10.15"]
[EventType "swiss"]
[EventRounds "7"]
[EventCountry "GCI"]
[SourceTitle "BritBase"]
[Source "John Saunders"]
[SourceDate "2023.11.18"]
[SourceVersion "1"]
[SourceVersionDate "2023.11.13"]
[SourceQuality "1"]

1. d4 f5 2. Nc3 Nf6 3. Bg5 e6 4. e4 fxe4 5. Nxe4 Be7 6. Nxf6+ Bxf6 7. Bxf6 Qxf6
8. Nf3 O-O 9. Be2 b6 10. Qd3 Bb7 11. O-O-O Nc6 12. a3 b5 13. h4 b4 14. Ng5 Qf5
15. f3 bxa3 16. Qxa3 h6 17. Ne4 Qa5 18. Qxa5 Nxa5 19. Rhf1 Rab8 20. Bb5 Bxe4
21. Bxd7 Bd5 22. Rfe1 Rb6 23. Rd3 Rfb8 24. b3 Kf7 25. Ba4 Bc6 26. Bxc6 Rxc6 27.
Ree3 Rd8 28. Re5 Rxd4 0-1

[Event "Guernsey Challengers 47th"]
[Site "Guernsey"]
[Date "2023.10.20"]
[Round "6"]
[White "Flanagan, Keith"]
[Black "Bennett, David"]
[Result "1-0"]
[WhiteElo "1443"]
[BlackElo "1380"]
[PlyCount "35"]
[EventDate "2023.10.15"]
[EventType "swiss"]
[EventRounds "7"]
[EventCountry "GCI"]
[SourceTitle "BritBase"]
[Source "John Saunders"]
[SourceDate "2023.11.18"]
[SourceVersion "1"]
[SourceVersionDate "2023.11.13"]
[SourceQuality "1"]

1. e4 e5 2. f4 Nc6 3. Nf3 Nf6 4. Nc3 Bc5 5. fxe5 Ng4 6. d4 Bb4 7. a3 Ba5 8. Bc4
O-O 9. O-O Bxc3 10. bxc3 Na5 11. Ba2 d6 12. h3 Nh6 13. Bxh6 gxh6 14. exd6 cxd6
15. Qe1 Qe7 16. Nh4 Be6 17. Nf5 Qd7 18. Qg3+ 1-0

[Event "Guernsey Challengers 47th"]
[Site "Guernsey"]
[Date "2023.10.21"]
[Round "7"]
[White "Hoogakker, Peter"]
[Black "Dennis, Nigel W"]
[Result "1/2-1/2"]
[WhiteElo "1877"]
[BlackElo "1792"]
[PlyCount "83"]
[EventDate "2023.10.15"]
[EventType "swiss"]
[EventRounds "7"]
[EventCountry "GCI"]
[SourceTitle "BritBase"]
[Source "John Saunders"]
[SourceDate "2023.11.18"]
[SourceVersion "1"]
[SourceVersionDate "2023.11.13"]
[SourceQuality "1"]

1. e4 c5 2. Nf3 d6 3. c3 Nf6 4. Be2 Nc6 5. d4 e6 6. Nbd2 cxd4 7. cxd4 Be7 8.
O-O O-O 9. a3 a6 10. Bd3 e5 11. d5 Nb8 12. h3 Ne8 13. Nc4 f5 14. exf5 Bxf5 15.
Bxf5 Rxf5 16. Be3 Nd7 17. Rc1 Rf7 18. Qb3 b5 19. Ncd2 Bf6 20. Rc6 Nb8 21. Rc2
Rb7 22. Rfc1 Nd7 23. Ne4 Nf8 24. Rc6 Be7 25. Qc2 h6 26. Qb3 Rbb8 27. Nxe5 dxe5
28. d6+ Kh8 29. dxe7 Qxe7 30. Bc5 Qh4 31. Qd3 Rd8 32. Qf3 Nd7 33. Be3 Ndf6 34.
Ng3 Kh7 35. Bb6 Rd2 36. Rxf6 Qxf6 37. Qxa8 Qxb6 38. Qf3 Qf6 39. Qxf6 Nxf6 40.
Rc6 Rxb2 41. Rxa6 Rb3 42. Kf1 1/2-1/2

[Event "Guernsey Challengers 47th"]
[Site "Guernsey"]
[Date "2023.10.21"]
[Round "7"]
[White "Nevska, Gerda"]
[Black "Walker, Elmira"]
[Result "1-0"]
[WhiteElo "1765"]
[BlackElo "1626"]
[PlyCount "109"]
[EventDate "2023.10.15"]
[EventType "swiss"]
[EventRounds "7"]
[EventCountry "GCI"]
[SourceTitle "BritBase"]
[Source "John Saunders"]
[SourceDate "2023.11.18"]
[SourceVersion "1"]
[SourceVersionDate "2023.11.13"]
[SourceQuality "1"]

1. e4 c5 2. b4 cxb4 3. d4 d6 4. c3 Nf6 5. Bd3 bxc3 6. Nxc3 g6 7. Nf3 Bg7 8. O-O
O-O 9. Rb1 a6 10. a4 Nc6 11. h3 Nd7 12. Ne2 Re8 13. Ba3 Nf8 14. Bc4 e6 15. d5
Ne5 16. Nxe5 Bxe5 17. f4 Bg7 18. dxe6 Bxe6 19. Bxe6 Rxe6 20. Rxb7 Rxe4 21. Qd5
Qe8 22. Rxf7 Qxf7 23. Qxe4 d5 24. Qf3 Rd8 25. Qd3 Qe6 26. Kh1 Qc6 27. Rc1 Qxa4
28. Be7 Rd7 29. Bh4 Bh6 30. Bg3 Qb4 31. Qe3 Qb7 32. Nd4 Re7 33. Qd3 Rf7 34. Rb1
Qc8 35. Nf3 Qc4 36. Qd2 Bxf4 37. Bxf4 Rxf4 38. Rc1 Qe4 39. Re1 Qf5 40. Re5 Qf7
41. Rxd5 Ra4 42. Rc5 Ra1+ 43. Kh2 Ra2 44. Qe3 Ne6 45. Rc8+ Kg7 46. Rc4 Qd7 47.
Qe5+ Kg8 48. Nd4 Nxd4 49. Rxd4 Qf5 50. Rd8+ Kf7 51. Qc7+ Ke6 52. Qd6+ Kf7 53.
Rf8+ Kg7 54. Qe7+ Kh6 55. Rxf5 1-0

[Event "Guernsey Challengers 47th"]
[Site "Guernsey"]
[Date "2023.10.21"]
[Round "7"]
[White "Dam, Karsten"]
[Black "Steinbergs, Viktors"]
[Result "0-1"]
[WhiteElo "1665"]
[BlackElo "1763"]
[PlyCount "72"]
[EventDate "2023.10.15"]
[EventType "swiss"]
[EventRounds "7"]
[EventCountry "GCI"]
[SourceTitle "BritBase"]
[Source "John Saunders"]
[SourceDate "2023.11.18"]
[SourceVersion "1"]
[SourceVersionDate "2023.11.13"]
[SourceQuality "1"]

1. e4 e5 2. Nf3 Nc6 3. Bc4 Bc5 4. c3 Nf6 5. d4 exd4 6. e5 d5 7. Bb5 Ne4 8. cxd4
Bb4+ 9. Nbd2 Bd7 10. O-O Bxd2 11. Bxd2 Nxe5 12. Bxd7+ Nxd7 13. Qb3 Nxd2 14.
Nxd2 O-O 15. Qxd5 c6 16. Qb3 Nb6 17. Nf3 Qd5 18. Qc3 Qc4 19. Ne5 Qxc3 20. bxc3
f6 21. Nd3 Nd7 22. a4 b6 23. Nf4 Rfe8 24. Rfe1 Kf7 25. a5 Rxe1+ 26. Rxe1 g5 27.
Nd3 bxa5 28. h3 Rb8 29. Kf1 Rb3 30. Rc1 a4 31. Nb4 a3 32. Nxc6 a2 33. Nb4 Rb2
34. Nxa2 Rxa2 35. c4 a5 36. c5 Rd2 0-1

[Event "Guernsey Challengers 47th"]
[Site "Guernsey"]
[Date "2023.10.21"]
[Round "7"]
[White "Berkley, Stephen W"]
[Black "Finch, Russell"]
[Result "1/2-1/2"]
[WhiteElo "1595"]
[BlackElo "1619"]
[PlyCount "148"]
[EventDate "2023.10.15"]
[EventType "swiss"]
[EventRounds "7"]
[EventCountry "GCI"]
[SourceTitle "BritBase"]
[Source "John Saunders"]
[SourceDate "2023.11.18"]
[SourceVersion "1"]
[SourceVersionDate "2023.11.13"]
[SourceQuality "1"]

1. d4 g6 2. Nf3 Bg7 3. Bf4 d6 4. e3 Nf6 5. h3 O-O 6. Bc4 Nbd7 7. O-O b6 8. Nbd2
Bb7 9. c3 c5 10. Bd3 Rc8 11. Bh2 Qe8 12. e4 h6 13. e5 dxe5 14. dxe5 Nd5 15. e6
fxe6 16. Qc2 Rf6 17. Ne4 Rxf3 18. gxf3 Ne5 19. Bxe5 Bxe5 20. Ng3 Nf4 21. Be4
Ba6 22. Rfe1 Bd6 23. Kh2 e5 24. Rg1 Qd7 25. Bf5 gxf5 26. Nxf5+ Kf8 27. Qb3 c4
28. Qc2 e4 29. fxe4 Ne2+ 30. Kh1 Nxg1 31. Rxg1 Rc5 32. Qd2 Qe6 33. Qxh6+ Qxh6
34. Nxh6 Ke8 35. Rg8+ Kd7 36. Nf5 Bb7 37. f3 Ra5 38. a3 Rb5 39. Nxd6 Kxd6 40.
Rg2 Rh5 41. Rh2 Bc8 42. Kg2 Ke5 43. h4 Kf4 44. Kf2 Bd7 45. Rh1 Ba4 46. e5 Kxe5
47. Re1+ Kf6 48. Re4 Bb3 49. Ke3 Re5 50. Rxe5 Kxe5 51. h5 Kf6 52. h6 Kg6 53.
Kd4 Kxh6 54. Ke5 Kg7 55. Ke6 Kf8 56. f4 b5 57. f5 Bd1 58. f6 Bg4+ 59. Ke5 exf6+
60. Kxf6 Ke8 61. Ke5 Kd7 62. Kd5 Kc7 63. Kc5 Bd7 64. Kb4 Kb6 65. a4 a5+ 66. Ka3
bxa4 67. Ka2 Kc5 68. Ka3 Kd5 69. Ka2 Ke4 70. Ka3 Kd3 71. Ka2 Kc2 72. Ka3 Bc6
73. Ka2 Kc1 74. Ka3 Kb1 1/2-1/2

[Event "Guernsey Challengers 47th"]
[Site "Guernsey"]
[Date "2023.10.21"]
[Round "7"]
[White "Reink, Geerhard"]
[Black "De Lisle, Daniel"]
[Result "1-0"]
[WhiteElo "1520"]
[BlackElo "1390"]
[PlyCount "97"]
[EventDate "2023.10.15"]
[EventType "swiss"]
[EventRounds "7"]
[EventCountry "GCI"]
[SourceTitle "BritBase"]
[Source "John Saunders"]
[SourceDate "2023.11.18"]
[SourceVersion "1"]
[SourceVersionDate "2023.11.13"]
[SourceQuality "1"]

1. c4 c5 2. Nc3 e6 3. e4 Nc6 4. g3 e5 5. Bg2 Nf6 6. Nge2 a6 7. O-O Nd4 8. d3 h6
9. f4 d6 10. f5 Be7 11. a3 Bd7 12. b4 Qc7 13. Nxd4 cxd4 14. Nd5 Nxd5 15. cxd5
a5 16. Bd2 axb4 17. Bxb4 Ba4 18. Qc1 Rc8 19. Qxc7 Rxc7 20. Rac1 Kd7 21. Rxc7+
Kxc7 22. Rc1+ Kd7 23. h4 h5 24. Bh3 f6 25. Bf1 Rc8 26. Rxc8 Kxc8 27. Be2 Bc2
28. Kf2 b6 29. Ke1 Kd8 30. Kd2 Ba4 31. Bxh5 Be8 32. Bd1 g6 33. fxg6 Bxg6 34. h5
Bh7 35. Bg4 Ke8 36. Be6 Kf8 37. Kc2 Kg7 38. Bd2 Bf8 39. g4 Bg8 40. Bc8 Bf7 41.
Kb3 Be8 42. Kb4 Kh7 43. Bf5+ Kh8 44. h6 Be7 45. a4 Bd8 46. h7 Be7 47. Bh6 Bd8
48. Bf8 Bc7 49. Be7 1-0

[Event "Guernsey Challengers 47th"]
[Site "Guernsey"]
[Date "2023.10.21"]
[Round "7"]
[White "Turner, David J"]
[Black "Bernard, Christopher"]
[Result "1/2-1/2"]
[WhiteElo "1750"]
[BlackElo "1516"]
[PlyCount "133"]
[EventDate "2023.10.15"]
[EventType "swiss"]
[EventRounds "7"]
[EventCountry "GCI"]
[SourceTitle "BritBase"]
[Source "John Saunders"]
[SourceDate "2023.11.18"]
[SourceVersion "1"]
[SourceVersionDate "2023.11.13"]
[SourceQuality "1"]

1. e4 d5 2. exd5 Nf6 3. Nc3 Nxd5 4. Nxd5 Qxd5 5. c3 Nc6 6. d4 e5 7. Qf3 e4 8.
Qe2 Bf5 9. g4 Bg6 10. Bg2 Bd6 11. f3 O-O-O 12. fxe4 Qa5 13. Bd2 Rhe8 14. Qd3
Qd5 15. Ne2 Bxe4 16. Bxe4 Qxe4 17. Qxe4 Rxe4 18. Kf2 Rxg4 19. Rag1 Rxg1 20.
Rxg1 g6 21. Bg5 Re8 22. Kf3 Ne7 23. Bxe7 Rxe7 24. Nc1 f5 25. h3 Kd7 26. Nd3 c6
27. Rg2 Re4 28. Nf2 Re6 29. Nd3 h6 30. Nf2 g5 31. Nd3 b6 32. Rd2 Ke7 33. a4 h5
34. Re2 g4+ 35. hxg4 fxg4+ 36. Kf2 Rxe2+ 37. Kxe2 Ke6 38. c4 h4 39. c5 bxc5 40.
dxc5 Be5 41. b4 Bc7 42. b5 Kd5 43. Nb4+ Kxc5 44. Nxc6 Bb6 45. Ne5 Kb4 46. Nxg4
Kxa4 47. Ne5 Kxb5 48. Nd3 a5 49. Nb2 Bd4 50. Nd3 a4 51. Ne1 Kc4 52. Nc2 Bf6 53.
Na3+ Kb3 54. Nb1 Kb2 55. Nd2 Be7 56. Nc4+ Kc3 57. Nd2 a3 58. Nb1+ Kb2 59. Nxa3
Kxa3 60. Kf1 Kb3 61. Kg2 Kc3 62. Kh1 Kd3 63. Kg2 Ke3 64. Kh1 Kf2 65. Kh2 Bf6
66. Kh1 Kf1 67. Kh2 1/2-1/2

[Event "Guernsey Challengers 47th"]
[Site "Guernsey"]
[Date "2023.10.21"]
[Round "7"]
[White "Harnden, Terry"]
[Black "Remie, Peter"]
[Result "1/2-1/2"]
[WhiteElo "1524"]
[BlackElo "1728"]
[PlyCount "51"]
[EventDate "2023.10.15"]
[EventType "swiss"]
[EventRounds "7"]
[EventCountry "GCI"]
[SourceTitle "BritBase"]
[Source "John Saunders"]
[SourceDate "2023.11.18"]
[SourceVersion "1"]
[SourceVersionDate "2023.11.13"]
[SourceQuality "1"]

1. e4 c5 2. Nf3 Nc6 3. d4 cxd4 4. Nxd4 e5 5. Nb3 Nf6 6. Bg5 h6 7. Bxf6 Qxf6 8.
c3 Qg6 9. Qf3 d6 10. N1d2 a6 11. Bc4 Bg4 12. Qg3 Bh5 13. Qxg6 Bxg6 14. O-O Be7
15. Rfe1 O-O 16. Nf3 Kh8 17. Bd5 Rad8 18. Rad1 f5 19. exf5 Bxf5 20. Be4 Bxe4
21. Rxe4 d5 22. Re2 e4 23. Nfd4 Rd6 24. Nc5 Nxd4 25. cxd4 b6 26. Nd3 1/2-1/2

[Event "Guernsey Challengers 47th"]
[Site "Guernsey"]
[Date "2023.10.21"]
[Round "7"]
[White "Jongerius, Marc"]
[Black "Gunn, Michael J"]
[Result "1/2-1/2"]
[WhiteElo "1695"]
[BlackElo "1567"]
[PlyCount "38"]
[EventDate "2023.10.15"]
[EventType "swiss"]
[EventRounds "7"]
[EventCountry "GCI"]
[SourceTitle "BritBase"]
[Source "John Saunders"]
[SourceDate "2023.11.18"]
[SourceVersion "1"]
[SourceVersionDate "2023.11.13"]
[SourceQuality "1"]

1. e4 d6 2. d4 Nf6 3. Nc3 e5 4. dxe5 dxe5 5. Qxd8+ Kxd8 6. Bc4 Be6 7. Bxe6 fxe6
8. Nf3 Bd6 9. Bd2 Ke7 10. O-O-O Nc6 11. Ne1 a6 12. a3 Rhf8 13. Nd3 h6 14. f3
Nd7 15. Kb1 Rae8 16. Rhf1 Kd8 17. Be3 Kc8 18. Rd2 Rf6 19. Rdf2 Ref8 1/2-1/2

[Event "Guernsey Challengers 47th"]
[Site "Guernsey"]
[Date "2023.10.21"]
[Round "7"]
[White "Goman, Colin R"]
[Black "Poldermans, Daan"]
[Result "1/2-1/2"]
[WhiteElo "1636"]
[BlackElo "1629"]
[PlyCount "46"]
[EventDate "2023.10.15"]
[EventType "swiss"]
[EventRounds "7"]
[EventCountry "GCI"]
[SourceTitle "BritBase"]
[Source "John Saunders"]
[SourceDate "2023.11.18"]
[SourceVersion "1"]
[SourceVersionDate "2023.11.13"]
[SourceQuality "1"]

1. d4 Nf6 2. Nf3 d5 3. e3 c5 4. b3 Nc6 5. c3 cxd4 6. exd4 e6 7. Bd3 h6 8. O-O
Bd6 9. Qe2 Qe7 10. Ne5 Bd7 11. f4 O-O-O 12. b4 g6 13. a4 Rdg8 14. Na3 Be8 15.
Nb5 Bb8 16. a5 Ne4 17. Bxe4 dxe4 18. Na3 f5 19. Qc4 Bc7 20. a6 Nxe5 21. axb7+
Kb8 22. fxe5 Bb6 23. Nc2 Bf7 1/2-1/2

[Event "Guernsey Challengers 47th"]
[Site "Guernsey"]
[Date "2023.10.21"]
[Round "7"]
[White "Royle, Nick"]
[Black "Flanagan, Keith"]
[Result "0-1"]
[WhiteElo "1506"]
[BlackElo "1443"]
[PlyCount "66"]
[EventDate "2023.10.15"]
[EventType "swiss"]
[EventRounds "7"]
[EventCountry "GCI"]
[SourceTitle "BritBase"]
[Source "John Saunders"]
[SourceDate "2023.11.18"]
[SourceVersion "1"]
[SourceVersionDate "2023.11.13"]
[SourceQuality "1"]

1. e4 c5 2. Nc3 Nc6 3. Bc4 e6 4. d3 a6 5. a4 b6 6. f4 Bb7 7. Nf3 Nd4 8. O-O d5
9. Ba2 Be7 10. Be3 Nxf3+ 11. Qxf3 d4 12. f5 dxe3 13. fxe6 f6 14. Qg4 g6 15.
Rae1 Qd4 16. Ne2 Qxa4 17. Bb3 Qc6 18. Nf4 Qd6 19. Nxg6 hxg6 20. Qxg6+ Kd8 21.
h3 Qe5 22. Qg7 Qh5 23. Rf5 Qh7 24. Qg3 Qh4 25. Qxe3 Nh6 26. Rf4 Qg5 27. Qf2 Qe5
28. c3 Kc7 29. d4 Qg5 30. Rf3 Rad8 31. Rg3 Qh4 32. e5 fxe5 33. dxe5 Rhg8 0-1

[Event "Guernsey Challengers 47th"]
[Site "Guernsey"]
[Date "2023.10.21"]
[Round "7"]
[White "Bennett, David"]
[Black "Ashbrooke, Monika"]
[Result "1/2-1/2"]
[WhiteElo "1380"]
[BlackElo "1396"]
[PlyCount "75"]
[EventDate "2023.10.15"]
[EventType "swiss"]
[EventRounds "7"]
[EventCountry "GCI"]
[SourceTitle "BritBase"]
[Source "John Saunders"]
[SourceDate "2023.11.18"]
[SourceVersion "1"]
[SourceVersionDate "2023.11.13"]
[SourceQuality "1"]

1. Nf3 e6 2. d4 d5 3. Bf4 c5 4. e3 Nf6 5. Nbd2 cxd4 6. exd4 Qb6 7. Rb1 Bd7 8.
Be2 Bd6 9. Bxd6 Qxd6 10. O-O O-O 11. c4 Nc6 12. c5 Qc7 13. b4 a6 14. Qc2 Qf4
15. g3 Nxd4 16. Qd3 Nxe2+ 17. Qxe2 Qc7 18. Qe5 Rfc8 19. Qd4 a5 20. a3 axb4 21.
axb4 Bb5 22. Rfe1 Nd7 23. Ne5 Nxe5 24. Rxe5 Ra6 25. Nf3 h6 26. Qg4 Bd3 27. Rbe1
Ra4 28. Qd4 Bf5 29. Nh4 f6 30. R5e3 Rd8 31. Nxf5 exf5 32. Re7 Qc6 33. Qf4 Qc8
34. Qh4 Rf8 35. Qh5 Kh7 36. Re8 Rxe8 37. Rxe8 Qd7 38. Re3 1/2-1/2